000 00416nam a2200157 i 4500
001 34425
003 ES-MaACL
005 20230906154930.0
007 t|
008 030207s1964 sp ||||1| spa d
100 1 _aBonet, Blai.
_930112
245 1 0 _aTapies /
_cBlai Bonet.
260 _a[Barcelona :
_bs.n.,
_c1964] (
_fLa Polígrafa)
300 _a1 v., 176 lám. ;
_c30 cm.
852 _aES-MaACL
_jC-25291
_bR.55176
999 _c34425
_d34425